European capitals by twin towns that are also capitals #2 - Statistics

General Stats
  • This quiz has been taken 8 times
  • The average score is 4 of 15
Answer Stats
Capital twin towns and sister cities Capital % Correct
Beijing, Bucharest, Nicosia Athens
63%
Berlin, Hanoi, Kyiv, Moscow, Nur-Sultan, Riga, Seoul, Taipei, Vilnius Warsaw
63%
Algiers, Asunción, Buenos Aires, Bangkok, Beijing, Budapest, Kyiv, Madrid, Manila, Montevideo, Moscow, Paris, Rabat, Sofia, Tunis, Zagreb Lisbon
50%
Amsterdam, Beijing, Kyiv, Minsk, Moscow, Nur-Sultan, Santiago, Stockholm, Taipei, Tallinn, Tashkent, Tbilisi, Vilnius, Warsaw, Yerevan Riga
50%
Ljubljana, Podgorica, Zagreb, Tirana, Sarajevo Skopje
50%
Beijing, Tehran, Berlin, Vienna, Bucharest, Lisbon, Zagreb, Sarajevo Budapest
25%
Berlin, Brussels, Taipei, Moscow, Bratislava Prague
25%
Paris, London, Moscow, Beijing, Pretoria, Hanoi, Manila, Ankara, Budapest, Athens, Nicosia, Sofia, Chișinău, Tirana, Damascus, Amman, Bucharest
13%
Ankara, Bucharest, Kyiv, Minsk, Tbilisi, Yerevan Chișinău
13%
Beijing Copenhagen
13%
Rome Paris
13%
La Paz, Sarajevo, Copenhagen, Tallinn, Helsinki, Addis Ababa, Reykjavik, Riga, Vilnius, Podgorica, Amsterdam, Belgrade, Kyiv, Lusaka Stockholm
13%
Ankara, Athens, Beijing, Doha, Moscow, Sarajevo, Skopje, Sofia Tirana
13%
Ljubljana, Yerevan, Kyiv, Nur-Sultan, Vilnius, Chișinău, Cairo, Doha, Tehran, Minsk, Sofia Tbilisi
0%
Amman, Antananarivo, Beirut, Bratislava, Buenos Aires, Chișinău, Damascus, Riga, Tbilisi Yerevan
0%
No matching quizzes found
Score Distribution
Percent of People with Each Score
Percentile by Number Answered
Your Score History
You have not taken this quiz